000 00877nam a2200241 i 4500
001 187700
003 ES-MaACL
005 20230906223017.0
008 180125s1989 sp cf |||| |bspa d
020 _a84-320-4492-X
080 _a929 Francisco de Borja, Santo
100 1 _aMartínez Esteruelas, Cruz.
_978073
245 1 0 _aFrancisco de Borja, el nieto del escándalo /
_cCruz Martínez Esteruelas.
250 _a4ª ed.
260 _aBarcelona :
_bPlaneta,
_c1989.
300 _a193 p., [8] p. de lám. ;
_c21 cm.
490 1 _aMemoria de la historia ;
_v9.
_aPersonajes
500 _aÍndice onomástico.
600 0 4 _aFrancisco de Borja
_cSanto-
_xBiografías.
_952191
830 0 _aMemoria de la historia ;
_v9.
_aPersonajes
_9193488
852 _aES-MaACL
_jL-31865
_z. - Donat. herederos de la bibl. de Mª del Pilar Costa Palacín
999 _c187700
_d187700